[Event "TOP 16 B group"]
[Site "BELFORT"]
[Date "????.??.??"]
[Round "1.1"]
[White "Van Wely, Loek"]
[Black "Esipenko, Andrey"]
[Result "1-0"]
[WhiteElo "2609"]
[BlackElo "2695"]
[PlyCount "94"]
[EventDate "2025.05.??"]
[WhiteTeam "CLICHY"]
[BlackTeam "ASNIERES"]
[WhiteTeamCountry "FRA"]
[BlackTeamCountry "FRA"]

1. d4 d5 2. c4 dxc4 3. Nf3 Nf6 4. e3 e6 5. Bxc4 c5 6. O-O a6 7. dxc5 Bxc5 8.
Qxd8+ Kxd8 9. Ne5 Ke7 10. Be2 Nbd7 11. Nc4 b6 12. Nbd2 a5 13. Nb3 Ba6 14. Nxc5
bxc5 15. b3 Rhb8 16. Ba3 a4 17. Rfc1 axb3 18. axb3 Rxb3 19. Nd2 Rbb8 20. Bf3
Nd5 21. Bxd5 exd5 22. Bxc5+ Nxc5 23. Rxc5 Bc4 24. Rd1 Rc8 25. Rxc8 Rxc8 26. Ra1
Rb8 27. Nf3 Ba2 28. Nd4 Rb1+ 29. Rxb1 Bxb1 30. Kf1 g5 31. Ke2 h5 32. g3 Kd6 33.
h4 f6 34. f3 g4 35. fxg4 hxg4 36. h5 Ke5 37. h6 Bh7 38. Nc6+ Kd6 39. Nb4 Ke5
40. Nd3+ Kf5 41. Nf4 Ke5 42. Kd2 d4 43. exd4+ Kxd4 44. Ne6+ Ke4 45. Ke2 Bg8 46.
Nf8 f5 47. Nd7 Kd5 1-0

[Event "TOP 16 B group"]
[Site "BELFORT"]
[Date "????.??.??"]
[Round "1.23"]
[White "Sebag, Marie"]
[Black "Pourquet, Matthieu"]
[Result "0-1"]
[WhiteElo "2448"]
[BlackElo "2298"]
[PlyCount "62"]
[EventDate "2025.05.??"]
[WhiteTeam "CHALONS-EN-CHAMPAGNE"]
[BlackTeam "VANDOEUVRE"]
[WhiteTeamCountry "FRA"]
[BlackTeamCountry "FRA"]

1. e4 e6 2. d4 d5 3. e5 c5 4. c3 Nc6 5. Nf3 Bd7 6. Be2 Nge7 7. Na3 cxd4 8. cxd4
Nf5 9. Nc2 Be7 10. O-O O-O 11. Bd3 f6 12. Bxf5 exf5 13. Re1 Be8 14. Qd3 fxe5
15. dxe5 f4 16. Ncd4 Bg6 17. Qb3 Nxd4 18. Nxd4 Bc5 19. Ne6 Bxf2+ 20. Kxf2 Qh4+
21. Kf1 f3 22. Nxf8 Rxf8 23. gxf3 Qxh2 24. Qxd5+ Kh8 25. f4 Bf5 26. Re3 Qxf4+
27. Rf3 Bh3+ 28. Ke2 Qg4 29. Bf4 Bg2 30. Raf1 g5 31. Be3 Bxf1+ 0-1

[Event "TOP 16 B group"]
[Site "BELFORT"]
[Date "????.??.??"]
[Round "1.26"]
[White "Schmider, Niklas"]
[Black "Santos Latasa, Jaime"]
[Result "0-1"]
[WhiteElo "2421"]
[BlackElo "2620"]
[PlyCount "102"]
[EventDate "2025.05.??"]
[WhiteTeam "BISCHWILLER"]
[BlackTeam "MARSEILLE"]
[WhiteTeamCountry "FRA"]
[BlackTeamCountry "FRA"]

1. e4 c5 2. Nf3 d6 3. Bb5+ Nd7 4. a4 Ngf6 5. Nc3 a6 6. Bc4 Qa5 7. Ba2 e6 8. d3
b5 9. Bd2 b4 10. Ne2 Be7 11. c3 bxc3 12. bxc3 Qc7 13. Ng3 Bb7 14. Qe2 O-O 15.
O-O Rfb8 16. Rfc1 Bc6 17. d4 Bf8 18. Bf4 h6 19. Bc4 e5 20. dxe5 dxe5 21. Bd2
Nb6 22. Bb3 c4 23. Bxc4 Nxa4 24. Bd5 Nc5 25. Bxc6 Qxc6 26. Re1 Qe6 27. Ra5 Rb2
28. Rea1 Rd8 29. Qe1 Qc8 30. Rb1 Nd3 31. Qf1 Rxb1 32. Qxb1 Bc5 33. Be3 Bxe3 34.
fxe3 Qxc3 35. Qb6 Re8 36. Qxa6 Nc5 37. Qb5 Qxe3+ 38. Kh1 Ncxe4 39. Nxe4 Qxe4
40. h3 Kh7 41. Nxe5 Rd8 42. Qf1 Kg8 43. Kh2 Qb4 44. Rb5 Qd6 45. Kh1 Re8 46. Qf5
Qc7 47. Kg1 Rd8 48. Qf1 Nd5 49. Nd3 Ne3 50. Qe2 Qc4 51. Re5 Rxd3 0-1

[Event "TOP 16 B group"]
[Site "BELFORT"]
[Date "????.??.??"]
[Round "2.1"]
[White "Pranav, V."]
[Black "Velten, Paul"]
[Result "1-0"]
[WhiteElo "2621"]
[BlackElo "2542"]
[PlyCount "137"]
[EventDate "2025.05.??"]
[WhiteTeam "GRASSE"]
[BlackTeam "CHALONS EN CHAMPAGNE"]
[WhiteTeamCountry "FRA"]
[BlackTeamCountry "FRA"]

1. e4 c6 2. d4 d5 3. e5 c5 4. Nf3 cxd4 5. Nxd4 Nc6 6. Nxc6 bxc6 7. Bd3 e6 8.
O-O a5 9. Qe2 Ne7 10. Nd2 Ng6 11. Nf3 Be7 12. g3 O-O 13. h4 f6 14. exf6 Bxf6
15. h5 e5 16. hxg6 e4 17. Bxe4 dxe4 18. Qxe4 Re8 19. Qxc6 Ra6 20. Qc4+ Rae6 21.
Re1 Ba6 22. Qxe6+ Rxe6 23. Rxe6 Bc8 24. Re1 Bb7 25. Nh2 hxg6 26. Be3 Qc8 27. f3
Qh3 28. Bf2 g5 29. Re8+ Kh7 30. Rd1 g4 31. Re3 Bh4 32. Nxg4 Bxg3 33. Rd4 Qh4
34. Rd2 Kg8 35. Bxg3 Qxg3+ 36. Rg2 Qf4 37. Kf2 a4 38. b3 a3 39. c4 Qd4 40. Kg3
g5 41. Rge2 Bc6 42. Ne5 Bb7 43. Kf2 Qh4+ 44. Kg1 Qd4 45. Kf1 Bc8 46. Nc6 Bh3+
47. Kg1 Qc5 48. Ne7+ Kf8 49. Nd5 Qd4 50. Kh2 Bd7 51. Re4 Qh8+ 52. Kg1 Qa1+ 53.
Kg2 Qh8 54. b4 Qh3+ 55. Kg1 Qh8 56. b5 Qa1+ 57. Kg2 Bf5 58. Re8+ Kg7 59. b6 g4
60. fxg4 Bxg4 61. Rf2 Qd1 62. b7 Bh3+ 63. Kh2 Qd4 64. Re7+ Kh6 65. Rf6+ Kh5 66.
Rh7+ Kg5 67. Rg7+ Kh5 68. Nf4+ Kh4 69. Rh6# 1-0

[Event "TOP 16 B group"]
[Site "BELFORT"]
[Date "????.??.??"]
[Round "2.2"]
[White "Korobov, Anton"]
[Black "Lupulescu, Constantin"]
[Result "1-0"]
[WhiteElo "2631"]
[BlackElo "2574"]
[PlyCount "115"]
[EventDate "2025.05.??"]
[WhiteTeam "CHALONS EN CHAMPAGNE"]
[BlackTeam "GRASSE"]
[WhiteTeamCountry "FRA"]
[BlackTeamCountry "FRA"]

1. e4 e6 2. d4 d5 3. e5 c5 4. c3 Nc6 5. Nf3 Qb6 6. a3 Nh6 7. b4 cxd4 8. cxd4
Nf5 9. Bb2 Bd7 10. Be2 Be7 11. O-O Rc8 12. Qd2 O-O 13. Rd1 f6 14. Nc3 fxe5 15.
dxe5 Be8 16. Rac1 Qd8 17. Qe1 Bg6 18. Ne4 dxe4 19. Rxd8 Rcxd8 20. Nd2 Bg5 21.
Nxe4 Bxc1 22. Bxc1 Nfd4 23. Bd1 Nxe5 24. Nc5 Nd3 25. Nxd3 Bxd3 26. Bb2 e5 27.
h4 Nc6 28. Bf3 e4 29. Bxe4 Bxe4 30. Qxe4 Rde8 31. Qd5+ Rf7 32. b5 Nd8 33. f4 b6
34. f5 Kf8 35. h5 h6 36. Qd6+ Kg8 37. f6 gxf6 38. Bxf6 Ne6 39. Qc6 Nc7 40. Bc3
Re6 41. Qb7 Ne8 42. Qc8 Ree7 43. a4 Rf4 44. Qc6 Ng7 45. Qxh6 Rg4 46. Qd2 Kh7
47. Qd3+ Ree4 48. Qd7 Rxa4 49. Be5 Kh6 50. Bc3 Kh7 51. Qf7 Rg3 52. Be5 Rg5 53.
Bf6 Rgg4 54. Kh2 Raf4 55. Qd7 Rf5 56. Kh3 Rxf6 57. Kxg4 Rh6 58. Qxa7 1-0

[Event "TOP 16 B group"]
[Site "BELFORT"]
[Date "????.??.??"]
[Round "2.3"]
[White "Aryan Chopra"]
[Black "Anton Guijarro, David"]
[Result "1/2-1/2"]
[WhiteElo "2620"]
[BlackElo "2642"]
[PlyCount "66"]
[EventDate "2025.05.??"]
[WhiteTeam "GRASSE"]
[BlackTeam "CHALONS EN CHAMPAGNE"]
[WhiteTeamCountry "FRA"]
[BlackTeamCountry "FRA"]

1. e4 e5 2. Nf3 Nc6 3. Bc4 Bc5 4. c3 Nf6 5. d3 d6 6. O-O a5 7. Re1 O-O 8. h3 h6
9. Nbd2 Be6 10. Bb5 Nd7 11. Nf1 f5 12. exf5 Bxf5 13. Ng3 Bg6 14. d4 exd4 15.
cxd4 Bb6 16. Be3 Nb4 17. Bc4+ d5 18. Bb3 c6 19. Re2 Qf6 20. Ne5 Nxe5 21. dxe5
Qd8 22. e6 Bxe3 23. Rxe3 Qf6 24. Qd2 Rae8 25. Rae1 Qf4 26. R1e2 Kh7 27. Qd1 d4
28. Rf3 Qh4 29. Rxf8 Rxf8 30. a3 Nd5 31. Bc2 Bxc2 32. Qxc2+ Kg8 33. Qc4 Qf6
1/2-1/2

[Event "TOP 16 B group"]
[Site "BELFORT"]
[Date "????.??.??"]
[Round "2.4"]
[White "David, Alberto"]
[Black "Demuth, Adrien"]
[Result "1/2-1/2"]
[WhiteElo "2481"]
[BlackElo "2524"]
[PlyCount "64"]
[EventDate "2025.05.??"]
[WhiteTeam "CHALONS EN CHAMPAGNE"]
[BlackTeam "GRASSE"]
[WhiteTeamCountry "FRA"]
[BlackTeamCountry "FRA"]

1. c4 Nf6 2. Nc3 g6 3. d4 Bg7 4. e4 d6 5. Be2 O-O 6. Be3 Nc6 7. d5 Ne5 8. Nf3
Nfg4 9. Bd2 e6 10. h3 Nxf3+ 11. gxf3 Nf6 12. Bg5 h6 13. Be3 exd5 14. cxd5 c6
15. dxc6 bxc6 16. Qd2 Kh7 17. Rd1 d5 18. h4 h5 19. exd5 Nxd5 20. Nxd5 cxd5 21.
b3 Bb7 22. Kf1 Re8 23. Qb4 Qe7 24. Qxe7 Rxe7 25. Bc5 Rc7 26. b4 Bf8 27. Bxf8
Rxf8 28. Kg2 Rc2 29. Bd3 Rxa2 30. Ra1 Rb2 31. b5 Rb3 32. Rxa7 Rb8 1/2-1/2

[Event "TOP 16 B group"]
[Site "BELFORT"]
[Date "????.??.??"]
[Round "2.5"]
[White "Sochacki, Christophe"]
[Black "Sebag, Marie"]
[Result "1-0"]
[WhiteElo "2458"]
[BlackElo "2448"]
[PlyCount "85"]
[EventDate "2025.05.??"]
[WhiteTeam "GRASSE"]
[BlackTeam "CHALONS EN CHAMPAGNE"]
[WhiteTeamCountry "FRA"]
[BlackTeamCountry "FRA"]

1. e4 c5 2. Nc3 Nc6 3. Nf3 g6 4. d4 cxd4 5. Nxd4 Bg7 6. Be3 Nf6 7. Nxc6 bxc6 8.
e5 Nd5 9. Nxd5 cxd5 10. Qxd5 Rb8 11. O-O-O Qc7 12. Bd4 O-O 13. f4 Bb7 14. Qc4
Bc6 15. h4 Rfc8 16. Rh2 Qb7 17. Qa6 Be4 18. g3 Qb4 19. b3 Rc6 20. Qxa7 Rbc8 21.
Bc4 Rxc4 22. bxc4 Qxc4 23. c3 Bf3 24. Re1 Qd3 25. Kb2 Bd5 26. a3 Qxg3 27. Rf2
Qd3 28. Rb1 Be4 29. Rc1 Qb5+ 30. Ka1 Rb8 31. c4 Qb7 32. Rb2 Qxa7 33. Bxa7 Ra8
34. Rb8+ Rxb8 35. Bxb8 Bc6 36. c5 f6 37. Kb2 Kf7 38. Kb3 Ke6 39. a4 Kf5 40. a5
Ke4 41. a6 Bd5+ 42. Kb4 f5 43. c6 1-0

[Event "TOP 16 B group"]
[Site "BELFORT"]
[Date "????.??.??"]
[Round "2.6"]
[White "Guilleux, Fabien"]
[Black "Milliet, Sophie"]
[Result "1-0"]
[WhiteElo "2407"]
[BlackElo "2364"]
[PlyCount "87"]
[EventDate "2025.05.??"]
[WhiteTeam "CHALONS EN CHAMPAGNE"]
[BlackTeam "GRASSE"]
[WhiteTeamCountry "FRA"]
[BlackTeamCountry "FRA"]

1. Nf3 d5 2. g3 Nf6 3. Bg2 e6 4. O-O Bd6 5. c4 O-O 6. d3 Nc6 7. Nc3 d4 8. Nb5
Bc5 9. e3 dxe3 10. Bxe3 Bxe3 11. fxe3 e5 12. d4 exd4 13. exd4 Bg4 14. d5 Ne5
15. Qd4 Nxf3+ 16. Bxf3 Bxf3 17. Rxf3 c6 18. dxc6 bxc6 19. Nd6 Ne4 20. c5 Nxd6
21. cxd6 Rb8 22. Rc1 Qd7 23. Re3 Rb5 24. Re7 Qf5 25. d7 Rd5 26. Qxa7 Rd2 27.
Re8 Qxd7 28. Qxd7 Rxd7 29. Re2 Rd6 30. Rec2 Rc8 31. b4 g6 32. b5 c5 33. a4 Rd4
34. Rc4 Ra8 35. Rxd4 cxd4 36. Rc4 d3 37. Kf2 Re8 38. Rd4 Re2+ 39. Kf3 Ra2 40.
b6 Rb2 41. a5 d2 42. Ke2 Rb5 43. Ra4 Rd5 44. Kd1 1-0

[Event "TOP 16 B group"]
[Site "BELFORT"]
[Date "????.??.??"]
[Round "2.7"]
[White "Barbot, Pierre"]
[Black "Bournel, Antoine"]
[Result "1-0"]
[WhiteElo "2454"]
[BlackElo "2423"]
[PlyCount "67"]
[EventDate "2025.05.??"]
[WhiteTeam "GRASSE"]
[BlackTeam "CHALONS EN CHAMPAGNE"]
[WhiteTeamCountry "FRA"]
[BlackTeamCountry "FRA"]

1. d4 Nf6 2. Nf3 d5 3. g3 e6 4. Bg2 b5 5. O-O Be7 6. a4 b4 7. c4 bxc3 8. Nxc3
O-O 9. Bf4 c6 10. Ne5 Ba6 11. Re1 Nfd7 12. Nd3 Qb6 13. e4 Qxd4 14. exd5 Qxd3
15. Qxd3 Bxd3 16. dxc6 Nf6 17. Nb5 Na6 18. c7 Nxc7 19. Bxc7 Rac8 20. Rec1 Nd5
21. Bxd5 exd5 22. Nxa7 Ra8 23. Nc6 Rfe8 24. Be5 Bf8 25. Bd4 Bc4 26. b4 Re4 27.
b5 Re6 28. Rxc4 dxc4 29. a5 Rd6 30. a6 f6 31. a7 Kf7 32. b6 Rxd4 33. b7 Rxa7
34. Rxa7 1-0

[Event "TOP 16 B group"]
[Site "BELFORT"]
[Date "????.??.??"]
[Round "2.8"]
[White "Lucas, Arthur"]
[Black "Loiseau, Quentin"]
[Result "1/2-1/2"]
[WhiteElo "2328"]
[BlackElo "2400"]
[PlyCount "105"]
[EventDate "2025.05.??"]
[WhiteTeam "CHALONS EN CHAMPAGNE"]
[BlackTeam "GRASSE"]
[WhiteTeamCountry "FRA"]
[BlackTeamCountry "FRA"]

1. e4 c5 2. Nf3 e6 3. d4 cxd4 4. Qxd4 Nc6 5. Qe3 Nf6 6. Nc3 Bb4 7. a3 Ng4 8.
Qf4 Bxc3+ 9. bxc3 Qf6 10. Qd2 d5 11. exd5 exd5 12. Bb2 Qe7+ 13. Be2 O-O 14. O-O
Rd8 15. Rfe1 Bf5 16. Qf4 Qe4 17. Qg3 Qxc2 18. Nh4 Nge5 19. Rac1 Qxb2 20. Nxf5
Ng6 21. h4 Re8 22. Bf1 Rxe1 23. Rxe1 h5 24. Qf3 Rd8 25. Re3 d4 26. cxd4 Nxd4
27. Qxh5 Nxf5 28. Qxf5 Nxh4 29. Qg5 Qf6 30. Qxf6 gxf6 31. Re7 Rd4 32. Rxb7 Ra4
33. Rb3 Ng6 34. g3 Ne5 35. Be2 Kg7 36. Kf1 Nc4 37. Bxc4 Rxc4 38. Rb4 Rc1+ 39.
Kg2 Rc5 40. Ra4 a5 41. Kf3 Re5 42. Re4 Rb5 43. Kf4 Kg6 44. Rc4 Re5 45. Rc6 Rb5
46. Rc4 Re5 47. Kf3 Kf5 48. Rc7 Kg6 49. a4 f5 50. Ra7 f6 51. Kg2 Rc5 52. Ra6
Kg5 53. Kf3 1/2-1/2

[Event "TOP 16 B group"]
[Site "BELFORT"]
[Date "????.??.??"]
[Round "2.9"]
[White "Maze, Sebastien"]
[Black "Schlosser, Philipp"]
[Result "1/2-1/2"]
[WhiteElo "2548"]
[BlackElo "2472"]
[PlyCount "57"]
[EventDate "2025.05.??"]
[WhiteTeam "ASNIERES"]
[BlackTeam "BISCHWILLER"]
[WhiteTeamCountry "FRA"]
[BlackTeamCountry "FRA"]

1. e4 c5 2. Nf3 Nc6 3. Bb5 Nf6 4. Bxc6 dxc6 5. Nc3 e5 6. O-O Bd6 7. d3 Nd7 8.
Ne2 Nf8 9. Ng3 Ne6 10. Be3 O-O 11. a4 f6 12. Nf5 Bc7 13. Nd2 Kh8 14. Nb3 b6 15.
a5 Rb8 16. Bd2 b5 17. Be3 g6 18. Ng3 Qe7 19. Ne2 Ba6 20. Nd2 Rbd8 21. Qe1 Bc8
22. Kh1 Rf7 23. f3 Nd4 24. Qd1 Bd6 25. c3 Ne6 26. Qc2 Qc7 27. Rfd1 Bf8 28. Nb3
Rfd7 29. d4 1/2-1/2

[Event "TOP 16 B group"]
[Site "BELFORT"]
[Date "????.??.??"]
[Round "2.10"]
[White "Schmider, Niklas"]
[Black "Moussard, Jules"]
[Result "1-0"]
[WhiteElo "2421"]
[BlackElo "2597"]
[PlyCount "33"]
[EventDate "2025.05.??"]
[WhiteTeam "BISCHWILLER"]
[BlackTeam "ASNIERES"]
[WhiteTeamCountry "FRA"]
[BlackTeamCountry "FRA"]

1. e4 Nc6 2. Nf3 d6 3. d4 Nf6 4. Nc3 g6 5. Be3 Bg7 6. Qd2 Ng4 7. Bg5 h6 8. Bh4
a6 9. h3 Nf6 10. O-O-O b5 11. Bd3 Nd7 12. e5 dxe5 13. Be4 Bb7 14. dxe5 Nb6 15.
Qe3 Qc8 16. Bxc6+ Bxc6 17. Qc5 1-0

[Event "TOP 16 B group"]
[Site "BELFORT"]
[Date "????.??.??"]
[Round "2.12"]
[White "Ernst, Luca"]
[Black "Pelletier, Yannick"]
[Result "1/2-1/2"]
[WhiteElo "2222"]
[BlackElo "2519"]
[PlyCount "119"]
[EventDate "2025.05.??"]
[WhiteTeam "BISCHWILLER"]
[BlackTeam "ASNIERES"]
[WhiteTeamCountry "FRA"]
[BlackTeamCountry "FRA"]

1. e4 e6 2. d4 d5 3. Nd2 c5 4. Ngf3 Nf6 5. exd5 exd5 6. Bb5+ Bd7 7. Bxd7+ Nbxd7
8. O-O Be7 9. Re1 O-O 10. dxc5 Bxc5 11. Nb3 Bd6 12. Bg5 h6 13. Bh4 Qb6 14. Bg3
Bxg3 15. hxg3 Rfe8 16. Qd4 Qa6 17. a3 Re4 18. Qd3 Qb6 19. Nfd2 Rg4 20. c4 a5
21. cxd5 a4 22. Nc1 Nc5 23. Qc2 Nxd5 24. Nd3 Ne6 25. Ne5 Rxg3 26. Ndc4 Qc5 27.
Nd7 Qd4 28. Rad1 Rxg2+ 29. Kxg2 Qg4+ 30. Kf1 Nef4 31. Qe4 Qh3+ 32. Kg1 Qg4+ 33.
Kf1 Qxd7 34. Ne5 Qb5+ 35. Qc4 Qxc4+ 36. Nxc4 Rc8 37. Ne3 Nxe3+ 38. fxe3 Ne6 39.
Rc1 Nc5 40. Red1 Rc6 41. Rd5 b6 42. Rd4 Re6 43. Ke2 Kf8 44. Rd8+ Ke7 45. Ra8
Rg6 46. Rf1 Rg2+ 47. Rf2 Rxf2+ 48. Kxf2 Nd3+ 49. Ke2 Nxb2 50. Rc8 b5 51. Rc5
Nc4 52. Rxb5 Nxa3 53. Rb4 Kd6 54. Kf3 Kc5 55. Rxa4 Nc4 56. Ke4 Nd6+ 57. Ke5
Nc4+ 58. Ke4 Nd6+ 59. Ke5 Nc4+ 60. Ke4 1/2-1/2

[Event "TOP 16 B group"]
[Site "BELFORT"]
[Date "????.??.??"]
[Round "2.13"]
[White "Cornette, Matthieu"]
[Black "Schmitt, Andre"]
[Result "1-0"]
[WhiteElo "2527"]
[BlackElo "2226"]
[PlyCount "121"]
[EventDate "2025.05.??"]
[WhiteTeam "ASNIERES"]
[BlackTeam "BISCHWILLER"]
[WhiteTeamCountry "FRA"]
[BlackTeamCountry "FRA"]

1. e4 c5 2. Nf3 g6 3. d4 cxd4 4. Nxd4 Bg7 5. c4 Nc6 6. Be3 Qb6 7. Nb3 Qd8 8.
Qd2 Nf6 9. Nc3 d6 10. Be2 O-O 11. O-O a5 12. Nd4 a4 13. Ndb5 Qa5 14. Rac1 Be6
15. f4 Rfc8 16. h3 Qd8 17. b3 axb3 18. axb3 Bd7 19. Rb1 Nb4 20. Bf3 Bc6 21. Na7
Rcb8 22. Ncb5 Na6 23. Nxc6 bxc6 24. Nd4 Nb4 25. e5 Ra2 26. Qd1 Ne8 27. Nxc6
Nxc6 28. Bxc6 dxe5 29. b4 Nd6 30. Qb3 Re2 31. fxe5 Nf5 32. Rxf5 gxf5 33. Bf3
Rxb4 34. Qxb4 Rxe3 35. Qb8 Qxb8 36. Rxb8+ Bf8 37. c5 Rxe5 38. c6 Rc5 39. Rd8
Kg7 40. Rd7 Kf6 41. c7 Ke6 42. Rd8 Rxc7 43. Rxf8 Kf6 44. Kf2 Kg7 45. Rd8 e6 46.
Ke3 Kf6 47. Rd6 Rc3+ 48. Kd4 Rc7 49. Ra6 Rd7+ 50. Kc5 Ke5 51. Ra4 f6 52. Kc6
Rg7 53. Ra5+ Kf4 54. Kd6 e5 55. Ke6 Rg3 56. h4 Rg6 57. h5 Rg5 58. Kxf6 e4 59.
Bxe4 Rxh5 60. Rxf5+ Rxf5+ 61. Bxf5 1-0

[Event "TOP 16 B group"]
[Site "BELFORT"]
[Date "????.??.??"]
[Round "2.14"]
[White "Barbaras, Mathieu"]
[Black "Degraeve, Jean-Marc"]
[Result "0-1"]
[WhiteElo "2277"]
[BlackElo "2457"]
[PlyCount "78"]
[EventDate "2025.05.??"]
[WhiteTeam "BISCHWILLER"]
[BlackTeam "ASNIERES"]
[WhiteTeamCountry "FRA"]
[BlackTeamCountry "FRA"]

1. d4 Nf6 2. Nf3 g6 3. c4 Bg7 4. g3 d6 5. Bg2 O-O 6. O-O a5 7. Nc3 Bf5 8. Nh4
Be6 9. Qd3 Nc6 10. e4 Bc8 11. Nf3 e5 12. dxe5 Nxe5 13. Nxe5 dxe5 14. Qxd8 Rxd8
15. Bg5 c6 16. Na4 Be6 17. Rfd1 Rxd1+ 18. Rxd1 Nd7 19. c5 f6 20. Be3 Bf8 21.
Bf1 Kf7 22. b3 Be7 23. f3 f5 24. exf5 gxf5 25. Bc4 Nf6 26. Nb6 Rd8 27. Rxd8
Bxd8 28. Bxe6+ Kxe6 29. Nc4 Nd5 30. Bd2 Nb4 31. a3 Nc2 32. Bxa5 Be7 33. Bb4 Kd5
34. Na5 e4 35. fxe4+ fxe4 36. Nxb7 e3 37. Nd6 Kd4 38. Nf5+ Kd3 39. Nh4 Bxh4 0-1

[Event "TOP 16 B group"]
[Site "BELFORT"]
[Date "????.??.??"]
[Round "2.15"]
[White "Tregubov, Pavel V"]
[Black "Tavernier, Loris"]
[Result "1-0"]
[WhiteElo "2548"]
[BlackElo "2065"]
[PlyCount "37"]
[EventDate "2025.05.??"]
[WhiteTeam "ASNIERES"]
[BlackTeam "BISCHWILLER"]
[WhiteTeamCountry "FRA"]
[BlackTeamCountry "FRA"]

1. e4 c6 2. c4 d5 3. cxd5 cxd5 4. exd5 Nf6 5. Nc3 Nxd5 6. Nf3 Nc6 7. Bb5 g6 8.
Qa4 Qd6 9. Ne4 Qe6 10. O-O Bg7 11. Re1 O-O 12. d4 Nb6 13. Qa3 Nxd4 14. Nxd4
Bxd4 15. Bg5 Qd5 16. Bxe7 Qxb5 17. Bxf8 Bxb2 18. Qe7 Bxa1 19. Nf6+ 1-0

[Event "TOP 16 B group"]
[Site "BELFORT"]
[Date "????.??.??"]
[Round "2.16"]
[White "Bellahcene, Sofia"]
[Black "Guichard, Pauline"]
[Result "0-1"]
[WhiteElo "2094"]
[BlackElo "2324"]
[PlyCount "80"]
[EventDate "2025.05.??"]
[WhiteTeam "BISCHWILLER"]
[BlackTeam "ASNIERES"]
[WhiteTeamCountry "FRA"]
[BlackTeamCountry "FRA"]

1. e4 e5 2. Nf3 Nc6 3. Bb5 Nf6 4. d3 Bc5 5. O-O Nd4 6. Bc4 d6 7. c3 Nxf3+ 8.
Qxf3 O-O 9. h3 c6 10. b4 Bb6 11. Bg5 h6 12. Bxf6 Qxf6 13. Qxf6 gxf6 14. a4 Rd8
15. a5 Bc7 16. d4 f5 17. exf5 d5 18. Bb3 Bxf5 19. Nd2 exd4 20. cxd4 Bd6 21. Nf3
Bxb4 22. Rfc1 Rac8 23. a6 b6 24. Ne5 c5 25. g4 Be4 26. Ba4 Bd2 27. Rd1 Bc3 28.
Ra3 cxd4 29. f3 Bg6 30. Nc6 Rxc6 31. Bxc6 Bc2 32. Rf1 Bd3 33. Rf2 b5 34. Rb3 b4
35. Bb7 Bc4 36. Rb1 d3 37. Kg2 Re8 38. f4 d2 39. Rd1 Be2 40. Bc6 Bxd1 0-1

[Event "TOP 16 B group"]
[Site "BELFORT"]
[Date "????.??.??"]
[Round "2.17"]
[White "Fridman, Daniel"]
[Black "Suleymanli, Aydin"]
[Result "0-1"]
[WhiteElo "2584"]
[BlackElo "2617"]
[PlyCount "142"]
[EventDate "2025.05.??"]
[WhiteTeam "VANDOEUVRE"]
[BlackTeam "MARSEILLE"]
[WhiteTeamCountry "FRA"]
[BlackTeamCountry "FRA"]

1. d4 Nf6 2. Nf3 d5 3. c4 e6 4. g3 Be7 5. Bg2 O-O 6. O-O dxc4 7. Qc2 a6 8. a4
Bd7 9. Qxc4 Bc6 10. Bf4 Bd6 11. Qc1 Nbd7 12. Re1 Rb8 13. a5 Qe7 14. Nc3 e5 15.
Nxe5 Nxe5 16. dxe5 Bxe5 17. Bxe5 Qxe5 18. Qf4 Rfe8 19. Qxe5 Rxe5 20. e4 g5 21.
f3 Rbe8 22. b4 R5e7 23. Rad1 g4 24. Rd4 gxf3 25. Bxf3 h5 26. Re2 Kg7 27. Kg2
Re5 28. Rc2 Ng4 29. Bxg4 hxg4 30. Kf2 f5 31. exf5 Rxf5+ 32. Rf4 Rxf4+ 33. gxf4
Kf6 34. Rd2 Rh8 35. Nd5+ Kf7 36. Rd1 Rxh2+ 37. Kg3 Rh5 38. Nxc7 Bf3 39. Rd7+
Kg6 40. f5+ Kxf5 41. Rf7+ Ke5 42. Re7+ Kd6 43. Rg7 Rh3+ 44. Kf4 Bc6 45. Na8 Rb3
46. Rg6+ Ke7 47. Nc7 Rxb4+ 48. Kg3 Kd7 49. Ne6 Rc4 50. Nf4 Rc5 51. Rg7+ Kd6 52.
Rg6+ Ke7 53. Rxg4 Rxa5 54. Kf2 Ra3 55. Ke1 Kf6 56. Rg8 Ke5 57. Rf8 Rf3 58. Ng6+
Kd4 59. Rxf3 Bxf3 60. Kd2 Be4 61. Nf4 Kc4 62. Kc1 Kb3 63. Ne6 b6 64. Nd4+ Ka3
65. Ne2 b5 66. Nc3 Bg6 67. Nd5 a5 68. Nf4 Bh7 69. Ne2 b4 70. Nd4 Ka2 71. Ne2 a4
0-1

[Event "TOP 16 B group"]
[Site "BELFORT"]
[Date "????.??.??"]
[Round "2.18"]
[White "Santos Latasa, Jaime"]
[Black "Solodovnichenko, Yuri"]
[Result "1/2-1/2"]
[WhiteElo "2620"]
[BlackElo "2511"]
[PlyCount "49"]
[EventDate "2025.05.??"]
[WhiteTeam "MARSEILLE"]
[BlackTeam "VANDOEUVRE"]
[WhiteTeamCountry "FRA"]
[BlackTeamCountry "FRA"]

1. e4 e5 2. Nf3 Nf6 3. Nxe5 d6 4. Nf3 Nxe4 5. d4 d5 6. Bd3 Nc6 7. O-O Be7 8.
Nbd2 Bf5 9. Re1 Nxd2 10. Qxd2 Bg6 11. Bxg6 hxg6 12. Qd3 Qd7 13. Bg5 O-O 14.
Bxe7 Nxe7 15. Ne5 Qd6 16. h4 Nc6 17. Nf3 Rae8 18. c3 Qd7 19. g3 a6 20. Kg2 Rxe1
21. Rxe1 Re8 22. Rxe8+ Qxe8 23. Ng5 Nd8 24. Qf3 c6 25. Nh3 1/2-1/2

[Event "TOP 16 B group"]
[Site "BELFORT"]
[Date "????.??.??"]
[Round "2.19"]
[White "Hamitevici, Vladimir"]
[Black "Albornoz Cabrera, Carlos Daniel"]
[Result "1/2-1/2"]
[WhiteElo "2423"]
[BlackElo "2548"]
[PlyCount "54"]
[EventDate "2025.05.??"]
[WhiteTeam "VANDOEUVRE"]
[BlackTeam "MARSEILLE"]
[WhiteTeamCountry "FRA"]
[BlackTeamCountry "FRA"]

1. c4 e6 2. g3 d5 3. Bg2 d4 4. b4 e5 5. Qa4+ Qd7 6. b5 Na6 7. d3 Nc5 8. Qc2 Nf6
9. Nd2 a6 10. Ngf3 e4 11. Nxe4 Nfxe4 12. dxe4 axb5 13. O-O bxc4 14. Qxc4 Ra4
15. Qc2 Be7 16. Rd1 O-O 17. Bb2 Ne6 18. e3 c5 19. Ne5 Qe8 20. Nc4 Bd7 21. Nb6
Bb5 22. exd4 Nxd4 23. Qd2 Ra6 24. Nd5 Ra4 25. Nb6 Ra6 26. Nd5 Ra4 27. Nb6 Ra6
1/2-1/2

[Event "TOP 16 B group"]
[Site "BELFORT"]
[Date "????.??.??"]
[Round "2.20"]
[White "Laurent-Paoli, Pierre"]
[Black "Brunner, Nicolas"]
[Result "1/2-1/2"]
[WhiteElo "2544"]
[BlackElo "2423"]
[PlyCount "142"]
[EventDate "2025.05.??"]
[WhiteTeam "MARSEILLE"]
[BlackTeam "VANDOEUVRE"]
[WhiteTeamCountry "FRA"]
[BlackTeamCountry "FRA"]

1. e4 c5 2. Nf3 d6 3. d4 cxd4 4. Nxd4 Nf6 5. Nc3 Nc6 6. Bb5 Bd7 7. Bg5 e6 8.
Qd3 h6 9. Bh4 g5 10. Bg3 Ne5 11. Qe2 a6 12. Bxd7+ Nfxd7 13. O-O-O Rc8 14. h4
Qf6 15. hxg5 hxg5 16. Rxh8 Qxh8 17. f3 Bg7 18. Bf2 Nc6 19. Qd2 Nxd4 20. Bxd4
Bxd4 21. Qxd4 Qxd4 22. Rxd4 Ke7 23. Nd1 Ne5 24. Ne3 b5 25. Rd1 Rh8 26. Kd2 Kd7
27. Ke2 Kc6 28. c3 a5 29. Nc2 Kc5 30. b3 a4 31. Nb4 Ra8 32. Ke3 axb3 33. axb3
Ra3 34. Rb1 Nc6 35. Nd3+ Kb6 36. g3 Ra2 37. Rb2 Ra1 38. f4 gxf4+ 39. gxf4 Na5
40. f5 Rh1 41. Nf4 Re1+ 42. Kf3 Rf1+ 43. Kg4 Re1 44. b4 Nc4 45. Re2 Rc1 46.
fxe6 fxe6 47. Nxe6 Rxc3 48. Nf4 Rb3 49. Nd5+ Kb7 50. Kf5 Nb6 51. Ke6 Nxd5 52.
exd5 Rxb4 53. Kxd6 Kb6 54. Ke7 Rh4 55. d6 Rh7+ 56. Ke6 Rh6+ 57. Kd5 b4 58. Re5
b3 59. Re3 Rh5+ 60. Ke6 Rh6+ 61. Ke7 Rh7+ 62. Ke6 Rh6+ 63. Ke5 Kc6 64. Rc3+ Kd7
65. Rc7+ Kd8 66. Rb7 Rh3 67. Kd4 Rg3 68. Kc4 Rh3 69. Rb8+ Kd7 70. Rxb3 Rxb3 71.
Kxb3 Kxd6 1/2-1/2

[Event "TOP 16 B group"]
[Site "BELFORT"]
[Date "????.??.??"]
[Round "2.21"]
[White "Decuigniere, Tom"]
[Black "Flom, Gabriel"]
[Result "1-0"]
[WhiteElo "2366"]
[BlackElo "2454"]
[PlyCount "77"]
[EventDate "2025.05.??"]
[WhiteTeam "VANDOEUVRE"]
[BlackTeam "MARSEILLE"]
[WhiteTeamCountry "FRA"]
[BlackTeamCountry "FRA"]

1. d4 Nf6 2. c4 e6 3. Nc3 Bb4 4. e3 O-O 5. Bd3 d5 6. a3 Bxc3+ 7. bxc3 dxc4 8.
Bxc4 c5 9. Ne2 Qc7 10. Bd3 b6 11. e4 cxd4 12. cxd4 Ba6 13. O-O Qb7 14. f3 Bxd3
15. Qxd3 Qa6 16. Qxa6 Nxa6 17. Bf4 Rac8 18. Rfc1 Rfd8 19. Kf2 Ne8 20. Ke3 f6
21. Nc3 Nb8 22. Bxb8 Rxb8 23. a4 Rd7 24. g4 Rbd8 25. Ne2 Nd6 26. Rc6 Kf7 27. f4
Nb7 28. f5 exf5 29. gxf5 Na5 30. Rc3 g6 31. Rf1 gxf5 32. Rxf5 Re7 33. e5 Rd6
34. Kf2 Rd5 35. Rxf6+ Ke8 36. Ke3 Nb7 37. Nf4 Ra5 38. Ne6 Nd8 39. Nc7+ 1-0